00665nam a22001937a 4500999001900000003000500019020001500024038001600039082001800055100003200073245007200105260003600177300001300213500001400226880004000240880007800280942001200358952010100370 c526111d526111NUST a9698452119 aZafar Malik a891.4291bMAY aMayhesar, Shah Nawaz917074 aShujaat Kay Taray Watan Kay Sipahi (Part-1) \cShah Nawaz Mayhesar aIslamabad :bThe Books ;c2004. a202 p. ; aHardcover 6100-02\raشاہنواز مہیسر 6245-02\ra(شجاعت کے تارے وطن کے سپاہی (حصہ اول 2ddccBK 00102ddc4070aCLbCLcLITd2019-07-08l0o891.4291 MAYpCL-E-1133r2019-07-08w2019-07-08yBK